| 000 | 00433 a2200133 4500 | ||
|---|---|---|---|
| 020 | _a0140119396 | ||
| 090 |
_c6153 _d6153 |
||
| 100 | _aForester, C.S. | ||
| 245 |
_aThe Young Hornblower Omnibus _cC.S. Forester |
||
| 260 |
_aIslamabad: _bPN Book Club, |
||
| 300 |
_a633 p. _c24 cm. |
||
| 650 | _a1.Hornblower, Horatio (Fictitious character) --Fiction.2.Great Britain --History, Naval --19th century --Fiction. | ||
| 942 |
_cBK _k823.912 FOR |
||
| 999 |
_c9986 _d9986 |
||